DISCERNIMIENTO DE ESPIRITUS /

Wedi'i Gadw mewn:
Manylion Llyfryddiaeth
Prif Awdur: Estibalez, Luis María (autor)
Fformat: Llyfr
Cyfres:ESPIRITUALIDAD IGNACIANA; 3
Pynciau:
Tagiau: Ychwanegu Tag
Dim Tagiau, Byddwch y cyntaf i dagio'r cofnod hwn!

MARC

LEADER 00000nam^a2200000^a^4500
001 000231274
005 20250521000000.0
009 20260310104513.952
035 |a 051905 
037 |a Acervo Xavier Clavigero 
082 |a 255. 5307  |b EST 
100 |a Estibalez, Luis María  |e (autor) 
245 1 0 |a DISCERNIMIENTO DE ESPIRITUS /  |c LUIS MARIA ESTIBALEZ, S.J 
264 |a Bilbao, España :  |b El Mensajero del Corazón de Jesús,  |c 1960 
300 |a 322p. 
336 |a texto  |b txt  |2 rdacontenido 
337 |a sin mediación  |b n  |2 rdamedio 
338 |a volumen  |b nc  |2 rdasoporte 
440 |a ESPIRITUALIDAD IGNACIANA;  |v 3 
649 |a XX 
650 |a Ejercicios Espirituales 
910 |a Fondo General 
920 |a Impresos - Libros 
930 |a Colección General 
905 |a 101 
901 |a 051905  |b IT1  |c ACC  |i 051905  |u 20250521 
902 |a https://opac.biblio.iteso.mx/vufind/Record/000231274